Vista normal
Vista MARC
Entrada Personal Name
Número de registros utilizados en: 1
001 - CONTROL NUMBER
- control field: 10064
003 - CONTROL NUMBER IDENTIFIER
- control field: DLC
005 - DATE AND TIME OF LATEST TRANSACTION
- control field: 20191002133436.0
008 - FIXED-LENGTH DATA ELEMENTS
- fixed length control field: 960731n| acannaabn |a aaa c
010 ## - LIBRARY OF CONGRESS CONTROL NUMBER
- LC control number: no 96038516
035 ## - SYSTEM CONTROL NUMBER
- System control number: (OCoLC)oca04131238
040 ## - CATALOGING SOURCE
- Original cataloging agency: NmU
- Language of cataloging: spa
- Transcribing agency: Mx-PuUPA
- Modifying agency: OCoLC
- Modifying agency: Mx-PuUPA
- Description conventions: rda
100 1# - HEADING--PERSONAL NAME
- Personal name: Tavares López, Edgar,
374 ## - OCCUPATION
- Occupation: Coordinador
375 ## - GENDER
- Gender: hombre
377 ## - ASSOCIATED LANGUAGE
- Language code: spa
400 1# - SEE FROM TRACING--PERSONAL NAME
- Personal name: López, Edgar Tavares
670 ## - SOURCE DATA FOUND
- Source citation: Colonia Roma, 1995:
- Information found: t.p. (Edgar Tavares López)
670 ## - SOURCE DATA FOUND
- Source citation: Historia oral de los barrios y pueblos de la ciudad de México, 1963:
- Information found: t.p. (Edgar Tavares López) pag.1
670 ## - SOURCE DATA FOUND
- Source citation: Biblioteca del congreso (Estados Unidos), 02 octubre 2019:
- Information found: Catálogo electrónico
- Uniform Resource Identifier: http://bit.ly/2oDGejH